000 00682nam a2200181Ia 4500
008 100920s9999 xx 000 0 und d
082 _b30614
_a28 व 51 थ 75
100 _aगोखले पुरुषोत्तम पांडुरंग.
245 _aमहादजी शिंदे.
260 _bइंद्रायणी साहित्य प्रकाशन पुणे 30.
_c1975
300 _a36
_bसाधी
365 _b1.2
520 _aबा. वि चरित्र.
630 _aमहादजी शिंदे.
650 _aबा. वि चरित्र.
730 _aमहादजी शिंदे.
942 _cBOOK
999 _c686024
_d686021